000 00474 a2200169 4500
003 OSt
005 20231229103540.0
008 231229b |||||||| |||| 00| 0 eng d
020 _a9788170554448
040 _coclc
082 _a891.433
_bSEM/B
100 _aSemval, Vinod
_910227
245 _aBAT KA BATANGAR /
_cVinod Semval
260 _aNew Delhi:
_bVani Prakashan,
_c1996
300 _a144p
942 _2ddc
_cBK
_h891.433
_iSEM/B
_k891.433
_mSEM/B
999 _c43608
_d43608